Holiday Quiz

Random Holiday or Halloween Quiz
Score 0/16 Timer 03:00
0 Plays Today
Clue Answer % Correct
A 1993 film starring Bill MurrayGroundhog Day
91.2%
Horror film franchiseHalloween
69.2%
State capital of OhioColumbus Day
66.5%
UK political party of Tony BlairLabour Day
63.2%
Pacific island with famed Mo'aiEaster
60.9%
U2 song used as the lead single for the album 'War'New Year's Day
51.2%
Indian Ocean island administered by AustraliaChristmas Day
44.5%
Sixteenth letter of the Greek alphabetPi Day
43.7%
Clue Answer % Correct
A combat sportBoxing Day
43.3%
Pope for two months in 827 CEValentine's Day
40.6%
A 2011 film starring an ensemble cast including Halle Berry and Jon Bon JoviNew Year's Eve
32.2%
The 1973 Arab-Israeli WarYom Kippur
30.1%
British indie pop band who wrote the hit single 'Pompeii'Bastille Day
26.8%
Michael Jackson song: '_____ song', from his album 'HIStory'Earth Day
21.8%
South Atlantic island governed by the United KingdomAscension
6.3%
Island of Vanuatu in the South PacificPentecost
3.6%
Remove Ads.
Support Sporcle.
Get the best of Sporcle when you Go Orange. This ad-free experience offers more features, more stats, and more fun while also helping to support Sporcle. Thank you for becoming a member.

You're not logged in!

Compare scores with friends on all Sporcle quizzes.
OR
Log In

Show Comments

Extras

Top Quizzes Today


Score Distribution

Your Account Isn't Verified!

In order to create a playlist on Sporcle, you need to verify the email address you used during registration. Go to your Sporcle Settings to finish the process.

Report this User

Report this user for behavior that violates our Community Guidelines.

Details: